00883nam a2200229 a 450000100100000000500170001000800410002702000150006804000250008308200130010824500960012126000270021730000290024449000260027350400540029970000300035370000490038371000600043283000330049295201110052599900170063600004196920201002035847.0090819s1993 sp a 000 0 spa d a8400065239 aDO-SdBNPbspacBNPHU axxxbxxx00aParasitología molecular /ccoordinador Luis Rivas López, Manuel Carlos López López. aMadrid :bCSIC,c1993. a430 p. :bil., ;c25 cm.1 aNuevas tendenciasv24 aIncluye bibliografía al final de los capítulo1 aRivas, Luisecoor.96889812aLópez López, Manuel Carlosecoor.9688992 aConsejo Superior de Investigaciones Científicas94786 0aNuevas tendenciasn24968900 001050718MOaGRbGRcCTd2013-10-25iLF1l0oxxx xxxp41969-10r2020-06-25w2020-06-25y1ZNo se presta c41458d41458